[Event "Wch U18"]
[Site "Montesilvano"]
[Date "2023.11.24"]
[Round "11"]
[White "Bicer, Atakan Mert"]
[Black "Bermudez Ureba, Juan Diego"]
[Result "1-0"]
[WhiteElo "2318"]
[BlackElo "2186"]
[PlyCount "63"]
[EventDate "2023.11.13"]
[EventType "swiss"]
[EventRounds "11"]
[EventCountry "ITA"]
[SourceTitle "CB48_2023"]
[SourceDate "2023.11.29"]
[SourceVersion "1"]
[SourceVersionDate "2023.11.29"]
[SourceQuality "1"]

1. e4 e5 2. Nf3 Nc6 3. Bb5 a6 4. Ba4 Nf6 5. 0-0 Bc5 6. c3 b5 7. Bb3 d6 8. d4 Bb6 9. h3 Bb7 10. Re1 0-0 11. a4 Re8 12. d5 Na5 13. Ba2 c6 14. Bg5 cxd5 15. Bxd5 Bxd5 16. Bxf6 Qxf6 17. Qxd5 Qe6 18. Nfd2 Qxd5 19. exd5 bxa4 20. Rxa4 Bc7 21. Na3 Nb7 22. Rc4 Rec8 23. Nc2 a5 24. Ra1 Kf8 25. b4 Ke7 26. Nb3 Kd7 27. bxa5 Nxa5 28. Nxa5 Bxa5 29. Rca4 Rc5 30. c4 Kc7 31. Nb4 Kb6 32. Nd3 1-0

[Event "ESP-ch 88th"]
[Site "Marbella"]
[Date "2023.10.21"]
[Round "9"]
[White "Merario Alarcon, Andres"]
[Black "Bermudez Ureba, Juan Diego"]
[Result "1-0"]
[WhiteElo "2441"]
[BlackElo "2235"]
[PlyCount "51"]
[EventDate "2023.10.13"]
[EventType "swiss"]
[EventRounds "9"]
[EventCountry "ESP"]
[SourceTitle "Mega2024 Update 01"]
[Source "Chessbase"]
[SourceDate "2023.11.12"]
[SourceVersion "1"]
[SourceVersionDate "2023.11.12"]
[SourceQuality "1"]

1. d4 Nf6 2. c4 e6 3. Nc3 Bb4 4. e3 0-0 5. a3 Bxc3+ 6. bxc3 c5 7. Bd3 Nc6 8. Rb1 d6 9. Ne2 b6 10. e4 Ne8 11. 0-0 e5 12. d5 Na5 13. f4 Ba6 14. Ng3 f6 15. Nf5 g6 16. Ne3 Qd7 17. Bd2 Ng7 18. g4 h6 19. Kg2 g5 20. f5 Kf7 21. h4 Rh8 22. Rh1 Rab8 23. Be2 b5 24. cxb5 Bxb5 25. Bxb5 Rxb5 26. Qa4 1-0

[Event "ESP-ch U18"]
[Site "Salobrena"]
[Date "2023.08.04"]
[Round "7"]
[White "Bermudez Ureba, Juan Diego"]
[Black "Neagu, Roberto Florin"]
[Result "1-0"]
[WhiteElo "2203"]
[BlackElo "2304"]
[PlyCount "84"]
[EventDate "2023.07.31"]
[EventType "swiss"]
[EventRounds "9"]
[EventCountry "ESP"]
[SourceTitle "CBM 215 Extra"]
[Source "ChessBase"]
[SourceDate "2023.09.30"]
[SourceVersion "1"]
[SourceVersionDate "2023.09.30"]
[SourceQuality "1"]

1. e4 c5 2. Nf3 Nc6 3. d4 cxd4 4. Nxd4 Nf6 5. Nc3 e5 6. Ndb5 d6 7. Bg5 a6 8. Na3 b5 9. Nab1 Be7 10. Bxf6 Bxf6 11. a4 b4 12. Nd5 0-0 13. Bc4 Bg5 14. 0-0 g6 15. c3 Rb8 16. cxb4 Nxb4 17. Nxb4 Rxb4 18. b3 Be6 19. Na3 Qb8 20. Bxe6 fxe6 21. Qg4 Bd8 22. Qxe6+ Kh8 23. Nc4 Bb6 24. Rac1 Bc5 25. Nxe5 Qe8 26. Qxe8 Rxe8 27. Nd3 Rxb3 28. Nxc5 dxc5 29. f3 Rb4 30. Rxc5 Rxa4 31. Rc7 Ra2 32. Rd1 Rb8 33. h3 a5 34. Rdd7 Kg8 35. Rg7+ Kf8 36. Rxh7 Rb1+ 37. Kh2 Kg8 38. Rcg7+ Kf8 39. Rb7 Rxb7 40. Rxb7 a4 41. Ra7 a3 42. Kg3 g5 1-0

[Event "ESP-ch U18"]
[Site "Salobrena"]
[Date "2023.08.04"]
[Round "8"]
[White "Garrido Outon, Alex"]
[Black "Bermudez Ureba, Juan Diego"]
[Result "1-0"]
[WhiteElo "2403"]
[BlackElo "2203"]
[PlyCount "69"]
[EventDate "2023.07.31"]
[EventType "swiss"]
[EventRounds "9"]
[EventCountry "ESP"]
[SourceTitle "CBM 215 Extra"]
[Source "ChessBase"]
[SourceDate "2023.09.30"]
[SourceVersion "1"]
[SourceVersionDate "2023.09.30"]
[SourceQuality "1"]

1. e4 e5 2. Nf3 Nc6 3. Bb5 a6 4. Ba4 Nf6 5. 0-0 Bc5 6. c3 b5 7. Bb3 d6 8. a4 Bg4 9. h3 Bh5 10. d3 Na5 11. Ba2 b4 12. Nbd2 0-0 13. Re1 Rb8 14. Nc4 bxc3 15. bxc3 Bxf3 16. Qxf3 Nb3 17. Rb1 Nxc1 18. Rbxc1 Qd7 19. a5 Rfe8 20. Kh1 Rbd8 21. Rcd1 c6 22. Re2 Qc7 23. Qf5 d5 24. exd5 Nxd5 25. Nxe5 g6 26. Qg5 f6 27. Qxf6 Rd6 28. Qf3 Kg7 29. d4 Rf6 30. Qg3 Nf4 31. Re4 Nh5 32. Qe3 Qxa5 33. dxc5 Qxa2 34. Rd7+ Kg8 35. Qh6 1-0

[Event "Benalmadena Rapid op 1st"]
[Site "Benalmadena"]
[Date "2023.02.26"]
[Round "6"]
[White "Bermudez Ureba, Juan Diego"]
[Black "Alba Fernandez, Nicolas"]
[Result "0-1"]
[WhiteElo "2179"]
[BlackElo "2039"]
[PlyCount "88"]
[EventDate "2023.02.25"]
[EventType "swiss (rapid)"]
[EventRounds "9"]
[EventCountry "ESP"]
[SourceTitle "CBM 212 Extra"]
[Source "ChessBase"]
[SourceDate "2023.03.31"]
[SourceVersion "1"]
[SourceVersionDate "2023.03.31"]
[SourceQuality "1"]

1. e4 c5 2. Nf3 e6 3. d4 cxd4 4. Nxd4 Nc6 5. Nb5 d6 6. c4 Nf6 7. N1c3 a6 8. Na3 Qa5 9. Bd2 Qc7 10. Be3 Be7 11. Be2 0-0 12. 0-0 b6 13. Qb3 Rb8 14. Rac1 Ne5 15. f3 Ned7 16. Qc2 Bb7 17. Rfd1 Rfc8 18. Qd2 Ne5 19. Qe1 Rd8 20. Qf2 Ba8 21. g4 Qb7 22. Qg3 Rbc8 23. f4 Ng6 24. Bf3 Nd7 25. g5 Qb8 26. h4 e5 27. f5 Nf4 28. Rc2 Bc6 29. Rcd2 Kh8 30. Nd5 Bxd5 31. exd5 b5 32. cxb5 axb5 33. Qe1 Bf8 34. Nb1 b4 35. h5 Rc5 36. Bxc5 Nxc5 37. Qe3 Ng2 38. Kxg2 Be7 39. Kg1 Qa7 40. a3 Rb8 41. axb4 Rxb4 42. Kg2 Qa1 43. Qc3 Rb3 44. Qc1 Bxg5 0-1

[Event "Benalmadena Rapid op 1st"]
[Site "Benalmadena"]
[Date "2023.02.26"]
[Round "4"]
[White "Bermudez Ureba, Juan Diego"]
[Black "Martinez Ramirez, Lennis"]
[Result "1/2-1/2"]
[WhiteElo "2179"]
[BlackElo "2415"]
[PlyCount "98"]
[EventDate "2023.02.25"]
[EventType "swiss (rapid)"]
[EventRounds "9"]
[EventCountry "ESP"]
[SourceTitle "CBM 212 Extra"]
[Source "ChessBase"]
[SourceDate "2023.03.31"]
[SourceVersion "1"]
[SourceVersionDate "2023.03.31"]
[SourceQuality "1"]

1. e4 c5 2. Nf3 a6 3. d4 cxd4 4. Nxd4 Nf6 5. Nc3 e5 6. Nb3 Bb4 7. Bg5 d6 8. Qf3 Bxc3+ 9. Qxc3 Nxe4 10. Bxd8 Nxc3 11. Bc7 Nb5 12. Bxb5+ axb5 13. Bxd6 Nc6 14. a3 f6 15. 0-0-0 Kf7 16. Rhe1 g5 17. Rd5 Ke6 18. Rdd1 h5 19. Nc5+ Kf7 20. Ne4 Bf5 21. Bc5 Bxe4 22. Rxe4 Rad8 23. Bb6 Rxd1+ 24. Kxd1 h4 25. h3 Ke6 26. Re3 Ne7 27. Rb3 Nd5 28. Be3 Rd8 29. Ke2 Nxe3 30. Kxe3 Rd5 31. Rc3 f5 32. f3 Rd1 33. Rc5 f4+ 34. Ke2 Rg1 35. Kf2 Rc1 36. Rxb5 Rxc2+ 37. Kf1 Rc7 38. Ke2 Rc2+ 39. Kf1 Rc1+ 40. Ke2 Rc7 41. Kd3 Kf5 42. a4 Rd7+ 43. Ke2 Rc7 44. Kd3 Re7 45. a5 Rd7+ 46. Ke2 Rc7 47. Kd3 Rd7+ 48. Ke2 Rc7 49. Kd3 Rd7+ 1/2-1/2

[Event "Benalmadena Rapid op 1st"]
[Site "Benalmadena"]
[Date "2023.02.25"]
[Round "2"]
[White "Bermudez Ureba, Juan Diego"]
[Black "Smirin, Ilia"]
[Result "0-1"]
[WhiteElo "2179"]
[BlackElo "2592"]
[PlyCount "58"]
[EventDate "2023.02.25"]
[EventType "swiss (rapid)"]
[EventRounds "9"]
[EventCountry "ESP"]
[SourceTitle "CBM 212 Extra"]
[Source "ChessBase"]
[SourceDate "2023.03.31"]
[SourceVersion "1"]
[SourceVersionDate "2023.03.31"]
[SourceQuality "1"]

1. e4 c5 2. Nf3 Nc6 3. d4 cxd4 4. Nxd4 Qb6 5. Nb3 Nf6 6. Nc3 e6 7. Be3 Qc7 8. Be2 Bb4 9. f3 d5 10. 0-0 Bxc3 11. bxc3 0-0 12. Qe1 dxe4 13. fxe4 Nxe4 14. Bd3 Nd6 15. Rf3 e5 16. Bc5 Be6 17. Qh4 f5 18. Rh3 h6 19. Rg3 Kh7 20. Qh5 Rf6 21. Rf1 Qf7 22. Qh4 Nc4 23. Rgf3 b6 24. Bb4 a5 25. g4 axb4 26. g5 Rg6 27. Rxf5 Bxf5 28. Rxf5 Qe6 29. Rf6 Qxf6 0-1

[Event "Malaga op 16th"]
[Site "Malaga"]
[Date "2022.10.30"]
[Round "6"]
[White "Bermudez Ureba, Juan Diego"]
[Black "Jaime Montalvan, Luis Felipe"]
[Result "1-0"]
[WhiteElo "2138"]
[BlackElo "1961"]
[PlyCount "58"]
[EventDate "2022.10.27"]
[EventType "swiss"]
[EventRounds "9"]
[EventCountry "ESP"]
[SourceTitle "EXT 2024"]
[Source "ChessBase"]
[SourceDate "2023.10.10"]
[SourceVersion "1"]
[SourceVersionDate "2023.10.10"]
[SourceQuality "1"]

1. e4 c5 2. Ne2 Nc6 3. d4 cxd4 4. Nxd4 Nf6 5. Nc3 d6 6. Bg5 e6 7. Qd3 Be7 8. 0-0-0 a6 9. Nxc6 bxc6 10. Qg3 Qa5 11. f4 Rb8 12. Bc4 h6 13. Bxf6 Bxf6 14. Bb3 Ke7 15. Rhe1 e5 16. f5 Rd8 17. h4 Bd7 18. Rh1 Be8 19. Qf3 Kd7 20. g4 Kc8 21. Rdg1 Be7 22. g5 hxg5 23. hxg5 Qb4 24. f6 gxf6 25. gxf6 Bf8 26. Rh7 a5 27. a4 Bd7 28. Rxf7 c5 29. Qd3 Bh6+ 1-0

[Event "Malaga op 16th"]
[Site "Malaga"]
[Date "2022.10.29"]
[Round "4"]
[White "Bermudez Ureba, Juan Diego"]
[Black "Plata Fernandez, Diego"]
[Result "1-0"]
[WhiteElo "2138"]
[BlackElo "1637"]
[PlyCount "81"]
[EventDate "2022.10.27"]
[EventType "swiss"]
[EventRounds "9"]
[EventCountry "ESP"]
[SourceTitle "EXT 2024"]
[Source "ChessBase"]
[SourceDate "2023.10.10"]
[SourceVersion "1"]
[SourceVersionDate "2023.10.10"]
[SourceQuality "1"]

1. e4 e5 2. Nf3 Nf6 3. Nxe5 d6 4. Nf3 Nxe4 5. Nc3 Nxc3 6. dxc3 Be7 7. Be3 0-0 8. Qd2 Bg4 9. 0-0-0 a5 10. h3 Be6 11. Kb1 a4 12. Nd4 a3 13. b3 Bf6 14. g4 Ra5 15. Bg2 c6 16. Nxe6 fxe6 17. Qxd6 Qxd6 18. Rxd6 Bxc3 19. Rxe6 Kf7 20. Rd6 Ke7 21. Rhd1 h6 22. R1d3 Be5 23. Rg6 Nd7 24. Be4 Nc5 25. Bxc5+ Rxc5 26. Bf5 Rxf5 27. gxf5 Bf6 28. Rg1 Rxf5 29. Re1+ Kf8 30. Rd7 b5 31. Rf1 b4 32. Kc1 Kg8 33. Kd2 Kh7 34. f4 h5 35. Rf3 Rc5 36. Re3 Kh6 37. Re4 Kg6 38. Rc4 Bc3+ 39. Ke3 Rxc4 40. bxc4 c5 41. Rd5 1-0

[Event "Malaga op 16th"]
[Site "Malaga"]
[Date "2022.10.28"]
[Round "2"]
[White "Bermudez Ureba, Juan Diego"]
[Black "Grigoryan, Karen H"]
[Result "0-1"]
[WhiteElo "2138"]
[BlackElo "2617"]
[PlyCount "86"]
[EventDate "2022.10.27"]
[EventType "swiss"]
[EventRounds "9"]
[EventCountry "ESP"]
[SourceTitle "EXT 2024"]
[Source "ChessBase"]
[SourceDate "2023.10.10"]
[SourceVersion "1"]
[SourceVersionDate "2023.10.10"]
[SourceQuality "1"]

1. e4 c5 2. Nf3 e6 3. d4 cxd4 4. Nxd4 a6 5. c4 Nf6 6. Nc3 Qc7 7. f3 Bb4 8. Nc2 Bd6 9. g3 0-0 10. Be3 Be5 11. Qd2 d5 12. exd5 exd5 13. cxd5 Rd8 14. f4 Bxc3 15. Qxc3 Qe7 16. 0-0-0 Bg4 17. d6 Qf8 18. Bg2 Bxd1 19. Rxd1 Nc6 20. Bc5 Nd7 21. Ba3 Rac8 22. Qd3 g6 23. Kb1 Qh6 24. h4 Qh5 25. Ne3 Nf6 26. Bh3 Rb8 27. Bg2 Re8 28. Rd2 Rbd8 29. b3 Qa5 30. Nc2 Ne4 31. Bxe4 Rxe4 32. d7 Qf5 33. g4 Qxf4 34. Bd6 Rxd7 35. Bxf4 Rxd3 36. Rxd3 Rxf4 37. Rg3 Ne5 38. Ne3 Rf3 39. Rxf3 Nxf3 40. Ng2 f6 41. Kc2 Kf7 42. Kd1 Ke6 43. Ke2 Nh2 0-1

[Event "ESP-ch 87th"]
[Site "Linares"]
[Date "2022.08.11"]
[Round "1"]
[White "Gines Esteo, Pedro Antonio"]
[Black "Bermudez Ureba, Juan Diego"]
[Result "1-0"]
[WhiteElo "2472"]
[BlackElo "2182"]
[PlyCount "33"]
[EventDate "2022.08.11"]
[EventType "swiss"]
[EventRounds "9"]
[EventCountry "ESP"]
[SourceTitle "CBM 209 Extra"]
[Source "ChessBase"]
[SourceDate "2022.09.30"]
[SourceVersion "1"]
[SourceVersionDate "2022.09.30"]
[SourceQuality "1"]

1. Nf3 Nf6 2. g3 b6 3. Bg2 Bb7 4. 0-0 e6 5. c4 c5 6. d4 cxd4 7. Qxd4 Nc6 8. Qf4 Ne7 9. Nc3 Ng6 10. Qd4 Bc5 11. Qd3 d5 12. cxd5 Nxd5 13. h4 Nxc3 14. Qxc3 Qf6 15. Qd3 0-0 16. h5 Ne7 17. Ng5 1-0

[Event "ESP-ch U18"]
[Site "Salobrena"]
[Date "2022.08.06"]
[Round "9"]
[White "Bermudez Ureba, Juan Diego"]
[Black "Marabajan Navas, Saul"]
[Result "1-0"]
[WhiteElo "2198"]
[BlackElo "1936"]
[PlyCount "81"]
[EventDate "2022.08.01"]
[EventType "swiss"]
[EventRounds "9"]
[EventCountry "ESP"]
[SourceTitle "EXT 2023"]
[Source "ChessBase"]
[SourceDate "2022.10.05"]
[SourceVersion "1"]
[SourceVersionDate "2022.10.05"]
[SourceQuality "1"]

1. e4 c5 2. Nf3 Nc6 3. d4 cxd4 4. Nxd4 Nf6 5. Nc3 e5 6. Ndb5 h6 7. Nd6+ Bxd6 8. Qxd6 Qe7 9. Qd2 0-0 10. b3 d6 11. Bb2 Be6 12. 0-0-0 Rfd8 13. Bd3 Nd7 14. Nd5 Bxd5 15. exd5 Ncb8 16. f4 a5 17. Rde1 f6 18. g4 Nc5 19. Bf5 a4 20. g5 hxg5 21. fxg5 axb3 22. axb3 Nbd7 23. Rhg1 Rdc8 24. Kb1 Rc7 25. Re3 Nf8 26. g6 Ncd7 27. Qe2 Nxg6 28. Be6+ Kf8 29. Qh5 Ke8 30. Qxg6+ Kd8 31. Qxg7 Nf8 32. Qxe7+ Rxe7 33. Rg8 Kc7 34. Rf3 Rae8 35. Rxf6 Nxe6 36. Rxe8 Rxe8 37. Rxe6 Rh8 38. Ba3 Rxh2 39. Bxd6+ Kd7 40. Bxe5 Rd2 41. Rd6+ 1-0

[Event "ESP-ch U18"]
[Site "Salobrena"]
[Date "2022.08.04"]
[Round "6"]
[White "Alvarez Etxarri, Aimar"]
[Black "Bermudez Ureba, Juan Diego"]
[Result "1/2-1/2"]
[WhiteElo "2062"]
[BlackElo "2198"]
[PlyCount "72"]
[EventDate "2022.08.01"]
[EventType "swiss"]
[EventRounds "9"]
[EventCountry "ESP"]
[SourceTitle "EXT 2023"]
[Source "ChessBase"]
[SourceDate "2022.10.05"]
[SourceVersion "1"]
[SourceVersionDate "2022.10.05"]
[SourceQuality "1"]

1. Nf3 Nf6 2. c4 e6 3. g3 b6 4. Bg2 Bb7 5. 0-0 c5 6. b3 Be7 7. Bb2 0-0 8. Nc3 a6 9. Rc1 Qc7 10. Qc2 d5 11. cxd5 exd5 12. d4 Nbd7 13. e3 Rfd8 14. Rfd1 Rac8 15. Ne2 Qb8 16. Qb1 Ne4 17. dxc5 bxc5 18. Nf4 Qa8 19. Nd2 Nef6 20. Nf3 d4 21. Nd2 Ne5 22. exd4 cxd4 23. Bxb7 Qxb7 24. Rxc8 Qxc8 25. Nd3 Nc6 26. Nc4 Ne4 27. Qc2 Qf5 28. f4 Bf6 29. Nd2 Nc3 30. Re1 g5 31. Ne4 Nxe4 32. Qxc6 Nxg3 33. hxg3 Qxd3 34. Qxf6 Qxg3+ 35. Kf1 Qf3+ 36. Kg1 Qg3+ 1/2-1/2

[Event "ESP-ch U18"]
[Site "Salobrena"]
[Date "2022.08.03"]
[Round "4"]
[White "Sanroman Costas, Mauro"]
[Black "Bermudez Ureba, Juan Diego"]
[Result "1-0"]
[WhiteElo "1934"]
[BlackElo "2198"]
[PlyCount "71"]
[EventDate "2022.08.01"]
[EventType "swiss"]
[EventRounds "9"]
[EventCountry "ESP"]
[SourceTitle "EXT 2023"]
[Source "ChessBase"]
[SourceDate "2022.10.05"]
[SourceVersion "1"]
[SourceVersionDate "2022.10.05"]
[SourceQuality "1"]

1. e4 e5 2. Nc3 Nf6 3. f4 d5 4. fxe5 Nxe4 5. Qf3 Nc6 6. Bb5 Nxc3 7. dxc3 a6 8. Bxc6+ bxc6 9. Ne2 Qh4+ 10. g3 Qg4 11. Qxg4 Bxg4 12. Bf4 h6 13. Kd2 Be7 14. Rae1 Kd7 15. Be3 c5 16. Nf4 Kc6 17. h3 Bd7 18. Rhf1 Raf8 19. g4 g6 20. Kc1 h5 21. Rd1 Be6 22. Nxe6 fxe6 23. g5 Kd7 24. c4 c6 25. Rde1 h4 26. Kd1 Ke8 27. Ke2 Rf5 28. Rxf5 gxf5 29. Rg1 Kf7 30. g6+ Kg7 31. Bf4 Rb8 32. b3 dxc4 33. bxc4 Rb2 34. Kd3 Rxa2 35. Bh6+ Kg8 36. Rb1 1-0

[Event "ESP-ch U16 Rapid"]
[Site "Salobrena"]
[Date "2022.07.31"]
[Round "5"]
[White "Martinez Soriano, Javier"]
[Black "Bermudez Ureba, Juan Diego"]
[Result "1-0"]
[WhiteElo "1676"]
[BlackElo "2242"]
[PlyCount "89"]
[EventDate "2022.07.30"]
[EventType "swiss (rapid)"]
[EventRounds "9"]
[EventCountry "ESP"]
[SourceTitle "EXT 2023"]
[Source "ChessBase"]
[SourceDate "2022.10.05"]
[SourceVersion "1"]
[SourceVersionDate "2022.10.05"]
[SourceQuality "1"]

1. e4 e5 2. Nf3 Nc6 3. d4 exd4 4. Nxd4 Bc5 5. Nb3 Bb6 6. Nc3 Nf6 7. Bg5 h6 8. Bh4 g5 9. Bg3 d6 10. h4 Rg8 11. hxg5 hxg5 12. Qd2 Qe7 13. 0-0-0 Bd7 14. a4 a5 15. Kb1 Nb4 16. Bc4 0-0-0 17. Rde1 Ng4 18. Rh7 Rdf8 19. Nd4 Qf6 20. Nf3 Qg6 21. Reh1 Nf6 22. R7h6 Nxe4 23. Qe2 Nxg3 24. fxg3 Qf5 25. Rf1 Qg4 26. Bb3 Bc6 27. Rf6 Rg7 28. Nb5 Re8 29. Qd2 Be3 30. Qc3 Bxb5 31. axb5 Qxg3 32. Re1 Qxg2 33. Rxe3 Rh8 34. Rxd6 Rh1+ 35. Ne1 Rg8 36. Rd1 g4 37. b6 Qc6 38. Bxf7 Rf8 39. Be6+ Kb8 40. bxc7+ Kxc7 41. Bxg4 Rff1 42. Qd2 Kb8 43. Bf3 Qa4 44. Ra3 Rxe1 45. Rxa4 1-0

[Event "ESP-ch U16 Rapid"]
[Site "Salobrena"]
[Date "2022.07.30"]
[Round "4"]
[White "Bermudez Ureba, Juan Diego"]
[Black "Almeida Cubas, Mirella"]
[Result "1-0"]
[WhiteElo "2242"]
[BlackElo "1519"]
[PlyCount "91"]
[EventDate "2022.07.30"]
[EventType "swiss (rapid)"]
[EventRounds "9"]
[EventCountry "ESP"]
[SourceTitle "EXT 2023"]
[Source "ChessBase"]
[SourceDate "2022.10.05"]
[SourceVersion "1"]
[SourceVersionDate "2022.10.05"]
[SourceQuality "1"]

1. e4 c5 2. Nf3 Nc6 3. d4 cxd4 4. Nxd4 g6 5. c4 Nf6 6. Nc3 d6 7. Be2 Nxd4 8. Qxd4 Bg7 9. Be3 0-0 10. Qd2 a5 11. 0-0 a4 12. h3 a3 13. b3 Qa5 14. Rac1 Be6 15. Rfd1 Rfc8 16. f4 Bd7 17. Bd3 Bc6 18. Rb1 Qb4 19. Nd5 Qxd2 20. Rxd2 Bxd5 21. exd5 Nd7 22. Re2 Kf8 23. b4 b6 24. Rb3 Bb2 25. g4 Rab8 26. h4 Nf6 27. Rg2 e6 28. dxe6 fxe6 29. f5 exf5 30. gxf5 gxf5 31. Bh6+ Kf7 32. Rg7+ Ke6 33. Bg5 h6 34. Bxh6 Ne4 35. Rg6+ Kf7 36. h5 Rh8 37. Bxe4 fxe4 38. Rxd6 Rhg8+ 39. Kf1 Rgc8 40. Bf4 Rb7 41. h6 Rxc4 42. h7 Rc8 43. Rh3 Rh8 44. Rc6 Kg7 45. Rg3+ Kxh7 46. Rh6# 1-0

[Event "ESP-ch U16 Rapid"]
[Site "Salobrena"]
[Date "2022.07.30"]
[Round "2"]
[White "Bermudez Ureba, Juan Diego"]
[Black "Garcia Fernandez, Victor"]
[Result "0-1"]
[WhiteElo "2242"]
[BlackElo "1598"]
[PlyCount "88"]
[EventDate "2022.07.30"]
[EventType "swiss (rapid)"]
[EventRounds "9"]
[EventCountry "ESP"]
[SourceTitle "EXT 2023"]
[Source "ChessBase"]
[SourceDate "2022.10.05"]
[SourceVersion "1"]
[SourceVersionDate "2022.10.05"]
[SourceQuality "1"]

1. e4 c5 2. Nc3 Nc6 3. Bb5 Nd4 4. Nf3 a6 5. Bd3 g6 6. Nxd4 cxd4 7. Ne2 d5 8. 0-0 Bg7 9. c3 dxc3 10. dxc3 Nf6 11. e5 Nd7 12. f4 0-0 13. Be3 Nb8 14. Nd4 Nc6 15. Nxc6 bxc6 16. Qa4 Qc7 17. Bc5 f6 18. exf6 Bxf6 19. Rae1 Rf7 20. Qc2 e5 21. fxe5 Bxe5 22. Bxg6 Rxf1+ 23. Rxf1 Be6 24. h3 Qg7 25. Bf5 Bf7 26. Bxh7+ Kh8 27. Qf2 Be6 28. Bf5 Bf7 29. Qh4+ Kg8 30. Bh7+ Qxh7 31. Qxh7+ Kxh7 32. Rxf7+ Kg6 33. Re7 Kf6 34. Rb7 Ke6 35. Ra7 Rb8 36. Ba3 d4 37. Rxa6 d3 38. Rxc6+ Kd5 39. Rc5+ Ke4 40. Kf1 Rf8+ 41. Ke1 Bg3+ 42. Kd2 Rf2+ 43. Kd1 Rf1+ 44. Kd2 Be1+ 0-1

[Event "ESP-ch U16 Rapid"]
[Site "Salobrena"]
[Date "2022.07.30"]
[Round "1"]
[White "Odriozola Coscolin, Alex"]
[Black "Bermudez Ureba, Juan Diego"]
[Result "0-1"]
[WhiteElo "1451"]
[BlackElo "2242"]
[PlyCount "114"]
[EventDate "2022.07.30"]
[EventType "swiss (rapid)"]
[EventRounds "9"]
[EventCountry "ESP"]
[SourceTitle "EXT 2023"]
[Source "ChessBase"]
[SourceDate "2022.10.05"]
[SourceVersion "1"]
[SourceVersionDate "2022.10.05"]
[SourceQuality "1"]

1. d4 Nf6 2. c4 e6 3. g3 d5 4. Nf3 b6 5. cxd5 exd5 6. Bg2 Be7 7. 0-0 0-0 8. Nc3 Bb7 9. Bf4 Nbd7 10. Qd2 Rc8 11. Rac1 a6 12. Rfd1 Ne4 13. Nxe4 dxe4 14. Ne5 Nxe5 15. Bxe5 f6 16. Bf4 g5 17. Be3 Qd5 18. a3 Rfd8 19. Rc3 Qe6 20. Qc1 Bd6 21. b4 Bd5 22. f3 Re8 23. Bf2 Qf5 24. fxe4 Bxe4 25. Bxe4 Rxe4 26. Re3 Rce8 27. Rdd3 a5 28. bxa5 Qxa5 29. Rxe4 Rxe4 30. Qb2 Qa4 31. Kf1 Re8 32. Qb3+ Qxb3 33. Rxb3 Ra8 34. Rf3 Kg7 35. d5 Rxa3 36. Rf5 Kg6 37. g4 Be5 38. h4 h6 39. h5+ Kg7 40. Kg2 b5 41. Bc5 Rg3+ 42. Kf2 Rxg4 43. Rf3 Rf4 44. Kg2 Rxf3 45. exf3 f5 46. Kf2 Kf6 47. Ke3 Kf7 48. Bb4 Ke8 49. Ba3 Bf4+ 50. Kd4 g4 51. fxg4 fxg4 52. Ke4 Bd6 53. Bc1 g3 54. Kf3 Be5 55. Bd2 Kf7 56. Bb4 Kf6 57. Bf8 Kg5 0-1

[Event "ESP-ch U16 Rapid"]
[Site "Salobrena"]
[Date "2022.07.30"]
[Round "3"]
[White "Romero Soler, Saul"]
[Black "Bermudez Ureba, Juan Diego"]
[Result "0-1"]
[WhiteElo "1425"]
[BlackElo "2242"]
[PlyCount "68"]
[EventDate "2022.07.30"]
[EventType "swiss (rapid)"]
[EventRounds "9"]
[EventCountry "ESP"]
[SourceTitle "EXT 2023"]
[Source "ChessBase"]
[SourceDate "2022.10.05"]
[SourceVersion "1"]
[SourceVersionDate "2022.10.05"]
[SourceQuality "1"]

1. e4 e5 2. Nf3 Nc6 3. Bb5 a6 4. Ba4 Nf6 5. d3 b5 6. Bb3 Be7 7. a4 b4 8. 0-0 0-0 9. Be3 d6 10. Nbd2 Na5 11. Re1 c5 12. Ba2 Ng4 13. Nc4 Nxc4 14. Bxc4 Nxe3 15. Rxe3 Be6 16. b3 Qd7 17. Bxe6 Qxe6 18. Nd2 g6 19. Nc4 f5 20. exf5 gxf5 21. Rg3+ Kh8 22. Qf3 d5 23. Nd2 e4 24. dxe4 dxe4 25. Qe2 Bf6 26. Rd1 Rad8 27. Nc4 f4 28. Rxd8 Rxd8 29. Rh3 f3 30. Qf1 Bd4 31. Rg3 e3 32. fxe3 Bxe3+ 33. Nxe3 Qxe3+ 34. Kh1 Qe2 0-1

[Event "ESP-ch U16"]
[Site "Salobrena"]
[Date "2022.07.29"]
[Round "7"]
[White "Bermudez Ureba, Juan Diego"]
[Black "Martin Sanchez, Javier"]
[Result "1-0"]
[WhiteElo "2198"]
[BlackElo "1862"]
[PlyCount "91"]
[EventDate "2022.07.25"]
[EventType "swiss"]
[EventRounds "9"]
[EventCountry "ESP"]
[SourceTitle "EXT 2023"]
[Source "ChessBase"]
[SourceDate "2022.10.05"]
[SourceVersion "1"]
[SourceVersionDate "2022.10.05"]
[SourceQuality "1"]

1. e4 c5 2. Nf3 Nc6 3. d4 cxd4 4. Nxd4 e5 5. Nb5 a6 6. Nd6+ Bxd6 7. Qxd6 Qf6 8. Qd2 Qg6 9. Nc3 d5 10. f3 Nge7 11. Nxd5 Nxd5 12. Qxd5 Be6 13. Qd2 Rd8 14. Qf2 f5 15. exf5 Bxf5 16. c3 0-0 17. Bc4+ Kh8 18. 0-0 b5 19. Be2 e4 20. fxe4 Be6 21. Qxf8+ Rxf8 22. Rxf8+ Bg8 23. Rf4 Ne5 24. Be3 h6 25. Bd4 Qd6 26. b3 Nc6 27. Be3 Qa3 28. Kf2 Bxb3 29. Rf5 Qb2 30. Re1 Qxa2 31. Rc5 Ne7 32. Rc7 Ng8 33. Bd4 Nf6 34. Ke3 Bf7 35. Bxf6 gxf6 36. Rd1 Bg8 37. Rd8 Qb2 38. Rcc8 Qc1+ 39. Kf2 Qf4+ 40. Bf3 Kh7 41. Rxg8 Qd2+ 42. Kg3 Qd6+ 43. Kh3 Qe6+ 44. Bg4 Qxe4 45. Rh8+ Kg6 46. Rcg8+ 1-0

[Event "ESP-ch U16"]
[Site "Salobrena"]
[Date "2022.07.28"]
[Round "6"]
[White "Martinez Soriano, Javier"]
[Black "Bermudez Ureba, Juan Diego"]
[Result "1-0"]
[WhiteElo "1932"]
[BlackElo "2198"]
[PlyCount "65"]
[EventDate "2022.07.25"]
[EventType "swiss"]
[EventRounds "9"]
[EventCountry "ESP"]
[SourceTitle "EXT 2023"]
[Source "ChessBase"]
[SourceDate "2022.10.05"]
[SourceVersion "1"]
[SourceVersionDate "2022.10.05"]
[SourceQuality "1"]

1. e4 c5 2. Nf3 d6 3. d4 cxd4 4. Nxd4 Nf6 5. Nc3 Nc6 6. Bc4 e5 7. Nde2 Be6 8. Bb3 Be7 9. 0-0 0-0 10. h3 h6 11. f4 b5 12. Qd3 Nb4 13. Qd1 Qb6+ 14. Kh1 Qb7 15. a3 Na6 16. Bxe6 fxe6 17. Ng3 Nc5 18. Qe2 Rab8 19. Bd2 Rfc8 20. f5 Kh7 21. b4 Ncd7 22. fxe6 Nf8 23. Nf5 Nxe6 24. Nd5 Nd4 25. Nxd4 exd4 26. Rae1 Rf8 27. Qd3 g6 28. Nf4 Rg8 29. Qxd4 Rbc8 30. Nd5 Rgf8 31. Nxf6+ Rxf6 32. Rxf6 Bxf6 33. Qxf6 1-0